| 000 | 00000nam##2200000za#4500 |
| 001 | 9.610558 |
| 003 | CaOODSP |
| 005 | 20211126112846 |
| 007 | ta |
| 008 | 150406|1993||||xxc||||| f|0| 0 eng|d |
| 020 | |a0-662-20859-5 |
| 022 | |a0713-7931 |
| 040 | |aCaOODSP|beng |
| 043 | |an-cn--- |
| 086 | 1 |aFB3-1/63E |
| 110 | 2 |aBank of Canada. |
| 245 | 10|aMonetary policy, uncertainty and the presumption of linearity / |cby Douglas Laxton et al. |
| 260 | |aOttawa - Ontario : |bBank of Canada |c1993. |
| 300 | |a42p. : |bgraphs, references, tables ; |c28 cm. |
| 490 | 1 |aTechnical report|x0713-7931|v63 |
| 500 | |a"This report shows that extreme conditions and volatility in markets are much more likely to result from systematic policy errors in gauging and responding to inflationary pressures in an economy than from unfortunate random shocks."--Abstract. |
| 520 | 3 |aThis report shows that extreme conditions and volatility in markets are much more likely to result from systematic policy errors in gauging and responding to inflationary pressures in an economy than from unfortunate random shocks.--Abstract |
| 563 | |aSoftcover |
| 690 | 07|aInflation|2gcpds |
| 690 | 07|aFinancial institutions|2gcpds |
| 720 | 1 |aLaxton, Douglas |
| 776 | 0#|tMonetary policy, uncertainty and the presumption of linearity / |w(CaOODSP)9.572303 |
| 830 | #0|aTechnical report,|x0713-7931|v63|w(CaOODSP)9.514621 |